|
|
|
|
| LEADER |
00000nbm0a2200000 4500 |
| 001 |
139863 |
| 005 |
20231031141903.0 |
| 035 |
|
|
|a (RuTPU)RU\TPU\book\151525
|
| 090 |
|
|
|a 139863
|
| 100 |
|
|
|a 20080613d1968 k y0rusy50 ca
|
| 101 |
0 |
|
|a rus
|
| 102 |
|
|
|a RU
|
| 105 |
|
|
|a a m 001zy
|
| 200 |
1 |
|
|a Опыт расчленения и корреляции эффузивно-осадочных образований Балейского грабена петрофизическим методом
|e Диссертация на соискание ученой степени кандидата геолого-минералогических наук
|f В. М. Передерин
|g Томский политехнический институт (ТПИ) ; науч. рук. Д. С. Миков
|
| 210 |
|
|
|a Томск
|d 1968
|
| 215 |
|
|
|a 292 л.
|c ил.
|
| 320 |
|
|
|a Библиогр.: с. 267 - 283 ( 156 назв.)
|
| 320 |
|
|
|a Библиогр.: с. 283 - 287 ( 35 назв.)
|
| 320 |
|
|
|a Библиогр.: с. 287 - 289 ( 23 назв.)
|
| 610 |
1 |
|
|a Балейский грабен
|
| 610 |
1 |
|
|a эффузивные породы
|
| 610 |
1 |
|
|a осадочные образования
|
| 610 |
1 |
|
|a корреляция
|
| 610 |
1 |
|
|a расчленение
|
| 610 |
1 |
|
|a петрофизический метод
|
| 610 |
1 |
|
|a палеомагнитный метод
|
| 610 |
1 |
|
|a геологическое строение
|
| 610 |
1 |
|
|a континентальные отложения
|
| 610 |
1 |
|
|a микродиориты
|
| 610 |
1 |
|
|a физические свойства
|
| 610 |
1 |
|
|a бурение
|
| 610 |
1 |
|
|a магнитные свойства
|
| 610 |
1 |
|
|a геологическое изучение
|
| 610 |
1 |
|
|a диссертации
|
| 675 |
|
|
|a 552.1(04)
|v 3
|
| 700 |
|
1 |
|a Передерин
|b В. М.
|
| 702 |
|
1 |
|a Миков
|b Д. С.
|c российский геофизик
|c профессор Томского политехнического института
|f 1903-1985
|g Дмитрий Степанович
|2 stltpush
|3 (RuTPU)RU\TPU\pers\9657
|4 727
|
| 712 |
0 |
2 |
|a Томский политехнический институт (ТПИ)
|c (1944-1991)
|2 stltpush
|3 (RuTPU)RU\TPU\col\1123
|
| 801 |
|
1 |
|a RU
|b 63413507
|c 20080613
|g PSBO
|
| 801 |
|
2 |
|a RU
|b 63413507
|c 20151102
|g RCR
|
| 942 |
|
|
|c BK
|